000 00986nam a22002897a 4500
001 7388
003 FISKH
005 20250711141331.0
008 250711b cb ||||| |||| 00| 0 eng d
020 _a051487002506
040 _aFISKH
_beng
_cFISKH
_dFISKH
050 _aPZ7.C4528 M
100 _aChristian, Mary Blount
245 _aThe mysterious case case /
_cby Mary Blount Christmas : illustrated Ellen Eagle
250 _aFirst Troll Printing , 1988
260 _aNew York :
_bTroll Associates ,
_c1985.
300 _a48 pages :
_billustrations ;
_c20 cm .
490 _aDetermined Detectives
505 _aH
520 _aBoy detectives Fenton and Gerald and their rival Mae Donna find their sleuthing talents severely tested when they tangle with a bank robber.
521 8 _a430
_bLexile estimate
521 8 _aH
_bRaz-Plus
650 _aMystery
_vChildren's Fiction
700 _aEagle, Ellen
_eIllustrator
942 _2ddc
_cBK
_n0
999 _c7388
_d7388